000 00331cam a22001217a 4500
008 180718b1942 xxu||||| |||| 00| 0 eng d
082 _aB5x5404 P969
100 _aPuntambeka, S.V.
245 _aMaratha polity
_cby S.V. Puntambekar
260 _aLahore
_bThe Minerva Book Shop
_c1942
300 _a41p.
650 _aMaratha government
999 _c502187
_d502187